Six pianos
Збережено в:
| Автор: | |
|---|---|
| Формат: | Музична партитура Книга |
| Мова: | Англійська |
| Опубліковано: |
Nueva York
Boosey &Hawkes
1992
|
| Серія: | HPS, 1193
|
| Предмети: | |
| Теги: |
Додати тег
Немає тегів, Будьте першим, хто поставить тег для цього запису!
|
MARC
| LEADER | 00000ncm a2200000 a 4500 | ||
|---|---|---|---|
| 001 | UCQ3552 | ||
| 003 | CL-VaPUC | ||
| 005 | 20231031085718.0 | ||
| 008 | 980821e19920000US |||||||||||||||||eng|d | ||
| 999 | |c 274080 |d 274078 | ||
| 040 | |c Pontificia Universidad Católica de Valparaíso | ||
| 082 | 0 | 4 | |a Mn785.62 REI 1992 |2 21 |
| 100 | 0 | |a Reich, Steve |e author |9 417768 | |
| 245 | 1 | 0 | |a Six pianos |
| 260 | |a Nueva York |b Boosey &Hawkes |c 1992 | ||
| 300 | |a 12 p | ||
| 490 | 0 | |a HPS, 1193 | |
| 583 | |a last modification |c 19980821 00:00:00 |k Rodrigo Vera | ||
| 650 | 0 | |a Partituras, miniaturas |9 417769 | |
| 650 | 0 | |a Música de cámara |2 CL-VaPUC |9 306547 | |
| 650 | 0 | |a Música para piano |9 306528 | |
| 650 | 0 | |a Música contemporánea |9 306742 | |
| 650 | 0 | |a Compositores estadounidenses |2 CL-VaPUC |9 417720 | |
| 650 | 0 | |a Música estadounidense, siglo 20 |2 CL-VaPUC |9 417721 | |
| 942 | |c BK |2 ddc | ||
| 945 | |d 19980821 00:00:00 |a mvenant | ||
| 952 | |0 0 |1 0 |2 ddc |4 0 |6 MN_785_620000000000000_REI_1992 |7 0 |8 F |9 310136 |a BIBEDU |b BIBEDU |d 2019-11-20 |i 3452018 |o Mn785.62 REI 1992 |p 3452018 |r 2023-01-12 |w 2019-11-20 |y PA |k MUS | ||